000 00717nam a22002297a 4500
999 _c172597
_d172597
005 20200207150938.0
008 081223t xxu||||| |||| 00| 0 urd d
010 _aA-318417
020 _a-
_cN.A.
035 _aA-318417
040 _adpl
_burd
082 _a270
100 _aا حمد يا ر خا ن
245 _aجا ء ا لحق و با طل
_cا حمد يا ر خا ن
246 _aJaulhaque wa Batel
_bby Ahmed Yaar Khan Ashrafi
260 _aGujrat
_bAhmed Yaar Khan Ashrafi
_c1957
270 _aMadarsa Ghosia Naimia
_bGujrat
_e-
_k-
_l-
_m-
300 _a471+270 ص
_c22 cm. (Hb)
650 _aاردو ادب
650 _aUrdu Literature
942 _2ddc
_cUR
_h270
_mج ا ء